Diccionario Moderno Francés : Francés - Español, Español - Francés
محفوظ في:
| المؤلف الرئيسي: | |
|---|---|
| التنسيق: | كتاب |
| اللغة: | Undetermined |
| منشور في: |
Barcelona, España
Oceano Langenscheidt
1996
|
| الموضوعات: | |
| الوسوم: |
إضافة وسم
لا توجد وسوم, كن أول من يضع وسما على هذه التسجيلة!
|
MARC
| LEADER | 00000nam a2200000Ia 4500 | ||
|---|---|---|---|
| 008 | 170316s9999 xx 000 0 und d | ||
| 040 | |a cru BVZT | ||
| 090 | |a REF | ||
| 100 | |a Puy-Costa, Mariano | ||
| 245 | |a Diccionario Moderno Francés : Francés - Español, Español - Francés | ||
| 260 | |a Barcelona, España | ||
| 260 | |b Oceano Langenscheidt | ||
| 260 | |c 1996 | ||
| 300 | |a 512 páginas | ||
| 650 | |a REFERENCIA | ||
| 650 | |a DICCIONARIO FRANCÉS - ESPAÑOL Y ESPAÑOL - FRANCÉS | ||
| 942 | |c REF | ||
| 999 | |c 15080 |d 15080 | ||
